| 000 | 00367nam a22001457a 4500 | ||
|---|---|---|---|
| 020 | _a978-93-80227-58-0 | ||
| 082 |
_a158 _bMUR/P |
||
| 100 | _aMURPHY,JOSEPH | ||
| 245 | _aTHE POWER OF YOUR SUB CONSCIOUS MIND | ||
| 250 | _aFIRST | ||
| 260 |
_aMUMBAI _bEMBASSY BOOK DISTRIBUTORS _c2010 |
||
| 300 | _a254 | ||
| 650 |
_aPERSONALITY DEVELOPMENT _zINDIA |
||
| 942 | _cBK | ||
| 999 |
_c6505 _d6505 |
||